00959nabaa22001937a 4500003000400000005001700004008004100021040000700062100002600069245017000095300001300265505019500278505008900473650002700562650001000589650002800599650002600627773011200653OSt20260122204002.0190701b xxu||||| |||| 00| 0 spa d cPJ aPiscitello, Mercedes 10aParticipación ciudadana en el debate de sanción de las leyes :cmodalidades habilitadas. Nuevas prácticas. Necesidad de fortalecimiento /bMercedes Piscitello. ap. 36-45 aSumario: I. Resumen.— II. La iniciativa popular.— III. Presentaciones de particulares. Derecho a peticionar.— IV. Las reuniones informativas.— V. Conclusiones.— VI. Bibliografía. t¿Te interesa el texto completo? Comunicate al correo: koha@justierradelfuego.gov.ar 0aDERECHO ADMINISTRATIVO 0aLEYES 0aPARTICIPACION CIUDADANA 0aDERECHO DE PETICIONAR0 02842dBuenos Aires : AbeledoPerrot, 2012-oDA121tDerecho administrativo. Nº 147 mayo/junio 2023z18510590